000 004420000a22001930004500
003 LK-CoMWRAF
005 20231203220517.0
008 230817t ||||| |||| 00| 0 eng d
020 _a0091794072
040 _aLK-CoMWRAF
_dLK-CoMWRAF
_eLK-CoMWRAF
041 _aeng
082 _a821
_bRIC
100 _aRice, Helen Steiner
245 _aLovingly
260 _bHutchinson
_aU.K.
_c2000
300 _ap.114
650 _aPoems
942 _cBK
999 _c772
_d772